000
00233 a2200097 4500
001
3075
100
_a
Nadeem A H
245
_a
The Punjab police in a comparative prespective
260
_a
_b
Progressive books
_c
090
_c
2359
_d
2359
942
_a
NUST-CAE
_c
M
_c
15102
999
_c
238148
_d
238148